00343 2200145 4500001002100000005001500021035002000036245004700056100001800103300001100121260003100132082000800163084001400171990001200185INLIS00000000000231820250528092646 a0010-05250006101 a90 Menit Bersama Sokrates /cPaul Stratern0 aPaul Stratern a71 hlm aJakarta :bErlangga,c2001 a100 a100 PAU s a0713096